| 000 | 00467nam a22001817a 4500 | ||
|---|---|---|---|
| 005 | 20260423121536.0 | ||
| 008 | 260423b |||||||| |||| 00| 0 eng d | ||
| 020 |
_a9789384007430 _c395.00 |
||
| 040 | _aMAIN | ||
| 041 | _aEnglish | ||
| 082 |
_a530.11 _bMOR |
||
| 100 |
_aMorris, Dennis _926695 |
||
| 245 | _aSpecial Theory of Relativity | ||
| 260 |
_aNew Delhi _bMedTech Science Press _c2026 |
||
| 300 | _a314 | ||
| 650 |
_aPhysics (PM USHA) _926699 |
||
| 942 | _cBK | ||
| 999 |
_c60693 _d60693 |
||